1194 1114 1364 1607 1106 1310 1698 1873 1785 1817 1408 1535 1018 1396 1934 1240 1648 1850 1444 1910 1433 1952 1083 1258 1169 1448 1243 1608 1868 1483 1526 1930 1078 1185 1236 1072 1315 1800 1848 1266 1134 1595 1698 1640 1205 1367 1847 1906 1075 1447 1187 1981 1542 1901 1840 1408 1882 1351 1204 1146 1114 1142 1810 1886 1139 1197 1851 1829 1959 1784 1896 1773 1194 1358 1115 1809 1016 1191 1999 1712 1408 1465 1087 1653 1022 1845 1628 1696 1742 1221 1557 1087 1981 1401 1355 1117 1021 1023 1876 BCNSPRNW ULIB Ver.6.0+V

เปลี่ยนเป็นภาษาไทย

Change to English
 แสดงรายละเอียดบรรณานุกรม
  กลับหน้าหลัก

Brief Record : Get Marc (ISO 2709) : E-mail record : QR code < ปิดหน้าต่าง
LEADER : 00000nam 2200000uu 4500
001    13399127858
003     ULIB
008    211018s2563||||th 000 0 tha d
020 ^- ^a9786165726269
060 ^- ^aWA540.JT3^bบ65ท
100 0^ ^aบัววรุณ ศรีชัยกุล.
245 10 ^aทฤษฎีการบริหารงานทางสาธารณสุขศาสตร์ =Theory of public health management /^cบัววรุณ ศรีชัยกุล.
246 11 ^aTheory of public health management
250 ^- ^aพิมพ์ครั้งที่ 1.
260 ^- ^aมหาสารคาม :^bโรงพิมพ์มหาวิทยาลัยราชภัฏมหาสารคาม,^c2563
300 ^- ^aก-ฎ, 357 หน้า :^bภาพสีประกอบ.
650 ^4 ^aการบริหารสาธารณสุข^xไทย.
945    ^p650^l0^i008373
945    ^p650^l0^i008380
999    ^aประนอม เกษจรัล
รายการนี้ยังไม่มีแท็ก
คุณยังไม่ได้ล็อกอิน คุณสามารถมีกิจกรรมร่วมกับเว็บไซต์ได้ แต่ต้องล็อกอินก่อน ::
  ล็อกอิน

รายการสื่อสารสนเทศ

ลำดับที่ ประเภท เลขเรียก/บาร์โค้ด สถานที่ สถานะ
1. วิทยาศาสตร์การแพทย์ และสุขภาพ
หนังสือสำรอง
สถานะ=หนังสือสำรอง
WA540.JT3 บ65ท ฉ.1 
  Barcode: 008373
ห้องสมุดวิทยาเขตสวรรค์ประชารักษ์
►หนังสือทั่วไป
บนชั้น
2. วิทยาศาสตร์การแพทย์ และสุขภาพ
วิทยาศาสตร์การแพทย์ และสุขภาพ
WA540.JT3 บ65ท ฉ.2 
  Barcode: 008380
ห้องสมุดวิทยาเขตสวรรค์ประชารักษ์
►หนังสือทั่วไป
บนชั้น

รายการใกล้เคียง
    ผู้แต่ง [บัววรุณ ศรีชัยกุล.]

BibComment


ยังไม่เคยถูกคอมเมนท์

คอมเมนท์ทรัพยากรรายการนี้
  คอมเมนท์: ทฤษฎีการบริหารงา..


 Copyright 2026. Bcnsprnw @Library